000
00302nam a22001337a 4500
008
171024b xxu||||| |||| 00| 0 eng d
020
_a
9789951894401
041
_a
alb
080
_a
574
100
_a
9
101
_a
MJE
245
_a
EKOLOGJIA SHËNDETËSORE
_c
PRANJIC,N
942
_2
udc
_c
BK
999
_c
35728
_d
35728